Presupuestos provinciales 1968 /

Guardado en:
Autor Corporativo: Secretaría de estado de gobierno
Formato: Libro
Idioma:Spanish
Publicado: Buenos Aires, 1968.
Etiquetas: Agregar Etiqueta
Sin Etiquetas, Sea el primero en etiquetar este registro!
LEADER 00464nam a22001455a 4500
001 EUN.um018465
003 AR-BaUNS
005 20050623122858.0
008 041125s1968####ag############000#0#spa#d
245 1 0 |a Presupuestos provinciales 1968 /  |c Secretaría de estado de gobierno. 
260 |a Buenos Aires,  |c 1968. 
300 |a 61 h. 
082 0 4 |a 351.72 
110 2 |a Secretaría de estado de gobierno  |c Argentina. 
859 |a Ar-BaUNS  |b BIB. CENTRAL - Sector C  |h 351.72  |i Ar37  |p 63527/972  |v 1968